| 000 | 00959pam a2200337 i 4500 | ||
|---|---|---|---|
| 999 |
_c889 _d889 |
||
| 001 | 016644602 | ||
| 003 | Uk | ||
| 005 | 20191224144558.0 | ||
| 008 | 140605s2014 stk j 000 1 eng c | ||
| 015 |
_aGBB425854 _2bnb |
||
| 016 | 7 |
_a016644602 _2Uk |
|
| 020 | _a9781781123133 (pbk.) : | ||
| 035 | _a(StEdNL)5167283 | ||
| 040 |
_aStDuBDS _beng _cStDuBDS _dStEdNL _dUk _erda |
||
| 042 | _aukscp | ||
| 082 | _aFIC NIC | ||
| 100 | 1 |
_aNicholls, Sally, _d1983- _eauthor. |
|
| 245 | 1 | 0 |
_aShadow girl / _cSally Nicholls. |
| 264 | 1 |
_aEdinburgh : _bBarrington Stoke, _c2014. |
|
| 300 |
_a67 pages ; _c20 cm |
||
| 336 |
_atext _2rdacontent |
||
| 337 |
_aunmediated _2rdamedia |
||
| 338 |
_avolume _2rdacarrier |
||
| 440 | _aSuper readable | ||
| 500 |
_aFormerly CIP. _5Uk |
||
| 500 | _aDyslexic-friendly. | ||
| 500 | _a"Barrington Stoke teen"--Back cover. | ||
| 655 | 0 | _aHigh interest-low vocabulary books. | |
| 655 | 0 | _aYoung adult fiction. | |
| 942 |
_2ddc _cFIC |
||